[Event "55th POL-ch"]
[Site "Ksiaz POL"]
[Date "1998.03.??"]
[Round "1"]
[White "Cyborowski, Lukasz"]
[Black "Grabarczyk, Bogdan"]
[Result "1/2-1/2"]
[WhiteElo "2425"]
[BlackElo "2425"]
[EventDate "1998.03.12"]
[PlyCount "98"]

1.c4 e5 2.Nc3 Nc6 3.Nf3 g6 4.d4 exd4 5.Nxd4 Bg7 6.Nc2 d6 7.g3 Be6 8.Ne3 
Nf6 9.Bg2 O-O 10.O-O Qd7 11.Ned5 Ne5 12.b3 Nh5 13.Bb2 Bh3 14.Qd2 Rae8 15.
Rad1 a6 16.a4 Bxg2 17.Kxg2 f5 18.e3 g5 19.f4 gxf4 20.exf4 Ng4 21.h3 Ngf6 
22.Rfe1 Qf7 23.Rxe8 Rxe8 24.Re1 Rxe1 25.Qxe1 Nxd5 26.cxd5 Kf8 27.Kh2 Bd4 
28.Qd1 Bf6 29.Qd3 Qg7 30.Qf3 Qf7 31.Qd3 Qg6 32.Nd1 Qe8 33.Bxf6 Nxf6 34.Ne3
Qe4 35.Qxe4 fxe4 36.g4 c6 37.dxc6 bxc6 38.Kg3 d5 39.f5 d4 40.Nc4 Nd5 41.g5
d3 42.Kf2 d2 43.Ke2 e3 44.Nb2 Ke7 45.Kd3 Kd6 46.h4 Ke5 47.f6 Ke6 48.b4 Kf7
49.a5 Kg6 1/2-1/2

[Event "55th POL-ch"]
[Site "Ksiaz POL"]
[Date "1998.03.??"]
[Round "1"]
[White "Gdanski, Jacek"]
[Black "Kuczynski, Robert"]
[Result "1/2-1/2"]
[WhiteElo "2520"]
[BlackElo "2485"]
[EventDate "1998.03.12"]
[PlyCount "32"]

1.e4 c5 2.Nf3 d6 3.d4 cxd4 4.Nxd4 Nf6 5.Nc3 a6 6.f4 Nbd7 7.Nf3 e5 8.a4 Be7
9.Bd3 O-O 10.O-O Nc5 11.Kh1 exf4 12.Bxf4 Bg4 13.Qd2 Rc8 14.Nd4 d5 15.e5 
Nfe4 16.Qe3 Nxd3 1/2-1/2

[Event "55th POL-ch"]
[Site "Ksiaz POL"]
[Date "1998.03.??"]
[Round "1"]
[White "Grabarczyk, Miroslaw"]
[Black "Kaminski, Marcin"]
[Result "1/2-1/2"]
[WhiteElo "2505"]
[BlackElo "2535"]
[EventDate "1998.03.12"]
[PlyCount "27"]

1.d4 Nf6 2.Nf3 g6 3.Bg5 Bg7 4.Nbd2 O-O 5.e3 d5 6.Bd3 Nbd7 7.O-O Re8 8.c4 
c5 9.Bxf6 Bxf6 10.cxd5 cxd4 11.e4 Nc5 12.Nb3 Nxb3 13.Qxb3 e5 14.Rac1 
1/2-1/2

[Event "55th POL-ch"]
[Site "Ksiaz POL"]
[Date "1998.03.??"]
[Round "1"]
[White "Markowski, Tomasz"]
[Black "Kempinski, Robert"]
[Result "0-1"]
[WhiteElo "2505"]
[BlackElo "2520"]
[EventDate "1998.03.12"]
[PlyCount "78"]

1.g3 g6 2.Bg2 Bg7 3.c4 Nf6 4.Nc3 O-O 5.d3 c6 6.e4 e6 7.e5 Ne8 8.Nf3 d6 9.
d4 h6 10.Qe2 Nd7 11.exd6 Nxd6 12.O-O Re8 13.Rd1 Nf5 14.Ne4 Qe7 15.g4 Nd6 
16.Nc5 e5 17.Re1 e4 18.Bf4 Nxc5 19.dxc5 Bxg4 20.cxd6 Qd7 21.Ne5 Bxe5 22.
Qd2 Bf3 23.Bg3 Rad8 24.c5 h5 25.Bxf3 exf3 26.Qd3 Qh3 27.Qf1 Qf5 28.Bxe5 
Rxe5 29.Rxe5 Qxe5 30.b4 b6 31.Rc1 Qb2 32.Qc4 Qd2 33.h4 bxc5 34.bxc5 Rb8 
35.a3 Rb2 36.Rf1 Rc2 37.Qb4 Qd5 38.Re1 Rc4 39.Qb8+ Kh7 0-1

[Event "55th POL-ch"]
[Site "Ksiaz POL"]
[Date "1998.03.??"]
[Round "1"]
[White "Urban, Klaudiusz"]
[Black "Hnydiuk, Aleksander"]
[Result "1-0"]
[WhiteElo "2480"]
[BlackElo "2355"]
[EventDate "1998.03.12"]
[PlyCount "75"]

1.d4 d5 2.Nf3 e6 3.g3 Nf6 4.Bg2 Be7 5.O-O O-O 6.c4 dxc4 7.Na3 c5 8.dxc5 
Bxc5 9.Nxc4 Nc6 10.Nfe5 Nd5 11.Nxc6 bxc6 12.a3 a5 13.Qc2 Ba6 14.Bd2 Bxc4 
15.Qxc4 Qb6 16.Rac1 Be7 17.Rc2 Rfc8 18.e4 Nf6 19.Be3 Qb7 20.Rfc1 a4 21.Bd4
h6 22.Qe2 Rab8 23.h4 Qd7 24.Bxf6 gxf6 25.e5 c5 26.Qh5 Kg7 27.Qg4+ Kh8 28.
Rd1 Qb5 29.Qf4 Kg7 30.Rcd2 Rd8 31.Bf1 Qb3 32.Qg4+ Kh8 33.Rd7 Rxd7 34.Rxd7 
Re8 35.Qh5 Bf8 36.Qxf7 Qc2 37.Bd3 Qc1+ 38.Kg2 1-0

[Event "55th POL-ch"]
[Site "Ksiaz POL"]
[Date "1998.03.??"]
[Round "2"]
[White "Grabarczyk, Bogdan"]
[Black "Sosnicki, Michal"]
[Result "1/2-1/2"]
[WhiteElo "2425"]
[BlackElo "2385"]
[EventDate "1998.03.12"]
[PlyCount "107"]

1.e4 e5 2.f4 exf4 3.Bc4 Nc6 4.Nf3 g5 5.O-O Bg7 6.c3 d6 7.d4 h6 8.g3 Bh3 9.
Rf2 Nf6 10.gxf4 Qd7 11.Bd3 O-O-O 12.fxg5 Qg4+ 13.Kh1 Nxe4 14.Bxe4 Qxe4 15.
Nd2 Qd5 16.Nf1 Rde8 17.Ne3 Qe4 18.Qc2 Qxc2 19.Nxc2 Bf5 20.gxh6 Bxh6 21.
Bxh6 Rxh6 22.Ng5 Bg6 23.Re1 Rxe1+ 24.Nxe1 Nd8 25.Ng2 Rh5 26.h4 Ne6 27.Nxe6
fxe6 28.Kh2 e5 29.Kg3 Kd7 30.Kg4 Rh8 31.dxe5 dxe5 32.Ne3 Ke6 33.Kg5 Be4 
34.h5 Rg8+ 35.Kh4 Rg1 36.h6 Rh1+ 37.Kg5 c6 38.Ng4 Rg1 39.Rf8 a5 40.c4 a4 
41.Re8+ Kd6 42.c5+ Kd7 43.Rxe5 Bf3 44.Kf6 Rxg4 45.h7 Rf4+ 46.Kg6 Rg4+ 47.
Rg5 Be4+ 48.Kf6 Rxg5 49.h8=Q Rf5+ 50.Kg7 Rxc5 51.Qh4 Re5 52.Qg4+ Re6 53.
Kf8 b5 54.Qg7+ 1/2-1/2

[Event "55th POL-ch"]
[Site "Ksiaz POL"]
[Date "1998.03.??"]
[Round "2"]
[White "Kaminski, Marcin"]
[Black "Urban, Klaudiusz"]
[Result "1/2-1/2"]
[WhiteElo "2535"]
[BlackElo "2480"]
[EventDate "1998.03.12"]
[PlyCount "43"]

1.e4 e5 2.Nf3 Nf6 3.Nc3 Nc6 4.g3 d6 5.Bg2 g6 6.d4 Bg4 7.dxe5 Nxe5 8.h3 
Nxf3+ 9.Bxf3 Bxf3 10.Qxf3 Bg7 11.Bd2 O-O 12.O-O-O Re8 13.g4 Qe7 14.Rhe1 
Qe6 15.Nd5 Nxd5 16.exd5 Qd7 17.Bc3 Rxe1 18.Rxe1 Re8 19.Rxe8+ Qxe8 20.b3 
Qe7 21.Bxg7 Kxg7 22.Qc3+ 1/2-1/2

[Event "55th POL-ch"]
[Site "Ksiaz POL"]
[Date "1998.03.??"]
[Round "2"]
[White "Kuczynski, Robert"]
[Black "Sapis, Witalis"]
[Result "1/2-1/2"]
[WhiteElo "2485"]
[BlackElo "2375"]
[EventDate "1998.03.12"]
[PlyCount "87"]

1.e4 d5 2.exd5 Nf6 3.d4 Nxd5 4.Nf3 g6 5.Be2 Bg7 6.O-O O-O 7.c4 Nb6 8.Nc3 
Bg4 9.c5 Nd5 10.h3 Bxf3 11.Bxf3 c6 12.Qb3 Qd7 13.Nxd5 cxd5 14.Qxd5 Qxd5 
15.Bxd5 Nc6 16.Be3 Rfd8 17.Bxc6 bxc6 18.Rfd1 Rd5 19.Rd2 Rad8 20.Rad1 e5 
21.dxe5 Rxd2 22.Rxd2 Rxd2 23.Bxd2 Bxe5 24.b4 f5 25.Kf1 Kf7 26.Ke2 Ke6 27.
Kd3 Kd5 28.Bc3 Bc7 29.Bf6 h5 30.Bg7 g5 31.f3 g4 32.Bd4 gxh3 33.gxh3 Bg3 
34.Bf6 Be1 35.Bc3 Bf2 36.Bd2 Bd4 37.Bf4 a6 38.Bd2 Bf6 39.Bc3 Bh4 40.Bg7 
Be1 41.a3 Bh4 42.Kc3 Bg5 43.Kb3 Bd8 44.Kc3 1/2-1/2

[Event "55th POL-ch"]
[Site "Ksiaz POL"]
[Date "1998.03.??"]
[Round "2"]
[White "Macieja, Bartlomiej"]
[Black "Cyborowski, Lukasz"]
[Result "1-0"]
[WhiteElo "2485"]
[BlackElo "2425"]
[EventDate "1998.03.12"]
[PlyCount "71"]

1.e4 c6 2.d4 d5 3.Nc3 dxe4 4.Nxe4 Nd7 5.Ng5 Ngf6 6.Bd3 e6 7.N1f3 Bd6 8.Qe2
h6 9.Ne4 Nxe4 10.Qxe4 Nf6 11.Qe2 Qc7 12.Bd2 b6 13.O-O-O Bb7 14.Ne5 c5 15.
Bb5+ Ke7 16.dxc5 Qxc5 17.a3 Qc7 18.Bf4 Bd5 19.Nc6+ Kf8 20.Bxd6+ Qxd6 21.
Ne5 Qc5 22.Rhe1 g6 23.Bd3 Kg7 24.Bxg6 fxg6 25.Qd3 Qe7 26.Nxg6 Qf7 27.Nxh8 
Kxh8 28.f4 Qg7 29.Rd2 Nd7 30.f5 Nc5 31.Qd4 Rc8 32.Kb1 Qxd4 33.Rxd4 Rc6 34.
f6 Rc7 35.Rxd5 exd5 36.Re8+ 1-0

[Event "55th POL-ch"]
[Site "Ksiaz POL"]
[Date "1998.03.??"]
[Round "3"]
[White "Gdanski, Jacek"]
[Black "Kempinski, Robert"]
[Result "1/2-1/2"]
[WhiteElo "2520"]
[BlackElo "2520"]
[EventDate "1998.03.12"]
[PlyCount "74"]

1.e4 c5 2.Nf3 d6 3.d4 cxd4 4.Nxd4 Nf6 5.Nc3 a6 6.Be2 e6 7.O-O Be7 8.f4 Qc7
9.Kh1 Nc6 10.Be3 O-O 11.a4 Re8 12.Bd3 Nb4 13.a5 Bd7 14.Nf3 Bc6 15.Bb6 Qb8 
16.Qe1 Nd7 17.Bd4 e5 18.Be3 exf4 19.Bxf4 Ne5 20.Bxe5 Nxd3 21.cxd3 dxe5 22.
Nd5 Bxd5 23.exd5 Qd8 24.Qxe5 Bf6 25.Qf5 Qd6 26.Nd2 Re5 27.Qg4 Rg5 28.Qf3 
Rxd5 29.Ne4 Qd8 30.Nxf6+ gxf6 31.h3 Rxd3 32.Qxb7 Rb8 33.Qe4 Rxb2 34.Qg4+ 
Kh8 35.Rac1 Rb8 36.Qh4 f5 37.Qxd8+ Rbxd8 1/2-1/2

[Event "55th POL-ch"]
[Site "Ksiaz POL"]
[Date "1998.03.??"]
[Round "3"]
[White "Grabarczyk, Miroslaw"]
[Black "Grabarczyk, Bogdan"]
[Result "1/2-1/2"]
[WhiteElo "2505"]
[BlackElo "2425"]
[EventDate "1998.03.12"]
[PlyCount "20"]

1.d4 d5 2.c4 e6 3.Nc3 Nf6 4.cxd5 exd5 5.Bg5 Be7 6.e3 O-O 7.Bd3 Nbd7 8.Nf3 
c6 9.Qc2 Re8 10.O-O Nf8 1/2-1/2

[Event "55th POL-ch"]
[Site "Ksiaz POL"]
[Date "1998.03.??"]
[Round "3"]
[White "Hnydiuk, Aleksander"]
[Black "Kaminski, Marcin"]
[Result "1/2-1/2"]
[WhiteElo "2355"]
[BlackElo "2535"]
[EventDate "1998.03.12"]
[PlyCount "155"]

1.e4 e6 2.d4 d5 3.Nc3 Bb4 4.e5 c5 5.a3 Bxc3+ 6.bxc3 Ne7 7.h4 Bd7 8.h5 h6 
9.Nf3 Nbc6 10.Rb1 Qc7 11.Rh4 O-O-O 12.dxc5 f6 13.exf6 gxf6 14.Bb5 e5 15.
Qe2 Rdg8 16.Kf1 Rg4 17.Qd2 Qd8 18.Be2 Qg8 19.Rxg4 Bxg4 20.Nh4 f5 21.Qd3 f4
22.Ng6 Bxe2+ 23.Qxe2 Nxg6 24.Qg4+ Kb8 25.hxg6 Qc8 26.Qh5 Qe6 27.Bd2 Rg8 
28.Re1 Qxg6 29.Qf3 Qxc2 30.Bc1 d4 31.cxd4 Nxd4 32.Qe4 Qxe4 33.Rxe4 Nc6 34.
Bb2 Rg5 35.g3 fxg3 36.fxg3 Rxg3 37.Rxe5 Rf3+ 38.Ke2 Rb3 39.Re8+ Kc7 40.Bc1
Nd4+ 41.Kf2 Rf3+ 42.Kg2 Rf6 43.Rh8 Nf5 44.Bf4+ Kc6 45.Rh7 Ng7 46.Bxh6 Ne6 
47.Be3 Nf4+ 48.Kg3 Nd5 49.Bf2 a5 50.Be1 a4 51.Bf2 Nc3 52.Rh4 Kd5 53.Kg2 
Ne4 54.Be3 Rf7 55.Rg4 Rc7 56.Rh4 Nxc5 57.Bxc5 Kxc5 58.Rxa4 Rf7 59.Rb4 b6 
60.Rb3 Rf8 61.Kg1 Kc6 62.Kg2 Rf6 63.Kg3 Kc5 64.Kg2 Kc4 65.Rb4+ Kd5 66.Rb3 
Kc5 67.Rb4 Rf5 68.Rb3 Rf4 69.Kg3 Rf8 70.Kg2 Kc6 71.Kg3 Kc5 72.Kg2 b5 73.
Kg3 Rf1 74.Kg2 Rf5 75.Kg3 Kc6 76.Kg2 Rf7 77.Kg3 Kc5 78.Kg2 1/2-1/2

[Event "55th POL-ch"]
[Site "Ksiaz POL"]
[Date "1998.03.??"]
[Round "3"]
[White "Urban, Klaudiusz"]
[Black "Palus, Ryszard"]
[Result "1/2-1/2"]
[WhiteElo "2480"]
[BlackElo "2385"]
[EventDate "1998.03.12"]
[PlyCount "46"]

1.g3 Nf6 2.Bg2 d5 3.Nf3 g6 4.c4 Bg7 5.cxd5 Nxd5 6.d4 Nb6 7.e4 Bg4 8.d5 c6 
9.h3 Bc8 10.Nc3 O-O 11.O-O cxd5 12.exd5 Bxc3 13.bxc3 Qxd5 14.Nd4 Qc4 15.
Bh6 Re8 16.Re1 N6d7 17.Bf1 Qc5 18.Nb5 Nf6 19.Be3 Qc6 20.Nd4 Qd5 21.Nb5 Qc6
22.Nd4 Qd5 23.Nb5 Qc6 1/2-1/2

[Event "55th POL-ch"]
[Site "Ksiaz POL"]
[Date "1998.03.??"]
[Round "4"]
[White "Gdanski, Jacek"]
[Black "Sapis, Witalis"]
[Result "1/2-1/2"]
[WhiteElo "2520"]
[BlackElo "2375"]
[EventDate "1998.03.12"]
[PlyCount "27"]

1.e4 d5 2.exd5 Nf6 3.d4 Nxd5 4.Nf3 g6 5.Be2 Bg7 6.O-O O-O 7.c4 Nb6 8.Nc3 
Bg4 9.Bg5 h6 10.Bh4 Nc6 11.c5 Nd5 12.h3 Be6 13.Bg3 f5 14.Re1 1/2-1/2

[Event "55th POL-ch"]
[Site "Ksiaz POL"]
[Date "1998.03.??"]
[Round "4"]
[White "Kuczynski, Robert"]
[Black "Sosnicki, Michal"]
[Result "1/2-1/2"]
[WhiteElo "2485"]
[BlackElo "2385"]
[EventDate "1998.03.12"]
[PlyCount "40"]

1.e4 e6 2.d4 d5 3.Nc3 dxe4 4.Nxe4 Nd7 5.Nf3 Ngf6 6.Nxf6+ Nxf6 7.Bd3 c5 8.
dxc5 Bxc5 9.O-O O-O 10.Bg5 b6 11.Qe2 Bb7 12.Rad1 Qc7 13.Bxf6 gxf6 14.Be4 
Rad8 15.c3 Bxe4 16.Qxe4 Rxd1 17.Rxd1 Rd8 18.Rxd8+ Qxd8 19.g3 f5 20.Qe2 Qd5
1/2-1/2

[Event "55th POL-ch"]
[Site "Ksiaz POL"]
[Date "1998.03.??"]
[Round "4"]
[White "Macieja, Bartlomiej"]
[Black "Grabarczyk, Miroslaw"]
[Result "1-0"]
[WhiteElo "2485"]
[BlackElo "2505"]
[EventDate "1998.03.12"]
[PlyCount "87"]

1.e4 e5 2.Nf3 Nc6 3.Bb5 a6 4.Bxc6 dxc6 5.O-O f6 6.d4 exd4 7.Nxd4 c5 8.Ne2 
Qxd1 9.Rxd1 Bd7 10.Nbc3 O-O-O 11.Be3 Bd6 12.Bf4 Bxf4 13.Nxf4 Ne7 14.Rd2 
Bg4 15.Rxd8+ Rxd8 16.f3 Bd7 17.Rd1 b6 18.Ncd5 Nxd5 19.Rxd5 Re8 20.Kf2 Re7 
21.h4 Be8 22.a3 Bf7 23.Rd1 a5 24.g4 h6 25.Nd5 Re8 26.Ne3 Be6 27.Nf5 Bxf5 
28.gxf5 Re7 29.Kg3 h5 30.Kf4 Rd7 31.Rxd7 Kxd7 32.Ke3 Kd6 33.f4 Ke7 34.a4 
Kd6 35.Kd3 c6 36.Kc4 Kd7 37.e5 Ke7 38.e6 Kd6 39.c3 Kc7 40.b3 Kd6 41.b4 
cxb4 42.cxb4 axb4 43.Kxb4 Kc7 44.a5 1-0

[Event "55th POL-ch"]
[Site "Ksiaz POL"]
[Date "1998.03.??"]
[Round "4"]
[White "Markowski, Tomasz"]
[Black "Cyborowski, Lukasz"]
[Result "1-0"]
[WhiteElo "2505"]
[BlackElo "2425"]
[EventDate "1998.03.12"]
[PlyCount "59"]

1.g3 g6 2.Bg2 Bg7 3.e4 c5 4.d3 Nc6 5.f4 d6 6.Nf3 e6 7.O-O Nge7 8.c3 O-O 9.
Be3 f5 10.Nbd2 b6 11.Bf2 Ba6 12.Ng5 Qc8 13.exf5 gxf5 14.Re1 Rf6 15.d4 Qd7 
16.Qa4 Bb7 17.d5 Nxd5 18.Nxe6 Nc7 19.Nxg7 Kxg7 20.Rad1 b5 21.Qc2 a5 22.
Bxc5 dxc5 23.Ne4 Qxd1 24.Qxd1 fxe4 25.Qg4+ Kf8 26.Qg5 Rf7 27.Bxe4 Re8 28.
Qh6+ Kg8 29.Bxh7+ Rxh7 30.Qg6+ 1-0

[Event "55th POL-ch"]
[Site "Ksiaz POL"]
[Date "1998.03.??"]
[Round "5"]
[White "Cyborowski, Lukasz"]
[Black "Gdanski, Jacek"]
[Result "1/2-1/2"]
[WhiteElo "2425"]
[BlackElo "2520"]
[EventDate "1998.03.12"]
[PlyCount "75"]

1.c4 g6 2.Nf3 Bg7 3.d4 c5 4.e4 Qa5+ 5.Bd2 Qb6 6.Bc3 cxd4 7.Bxd4 Bxd4 8.
Qxd4 Qxd4 9.Nxd4 Nf6 10.Nc3 Nc6 11.Ndb5 O-O 12.O-O-O d6 13.Nc7 Rb8 14.Be2 
Be6 15.N7d5 Nd7 16.Rhe1 Rfc8 17.b3 Kf8 18.Kb2 a6 19.f4 b6 20.a3 Na5 21.Ne3
f6 22.Nc2 Nc6 23.Ne3 h5 24.g3 Na5 25.Ned5 Bf7 26.h4 Nc6 27.Bf1 Rb7 28.Bh3 
Rcb8 29.b4 Rd8 30.Rd2 Kg7 31.Red1 Nf8 32.Na4 Rdb8 33.Nac3 Rc8 34.Bg2 Rcb8 
35.Na4 Rc8 36.Nac3 Rcb8 37.Na4 Rc8 38.Nac3 1/2-1/2

[Event "55th POL-ch"]
[Site "Ksiaz POL"]
[Date "1998.03.??"]
[Round "5"]
[White "Sapis, Witalis"]
[Black "Kempinski, Robert"]
[Result "0-1"]
[WhiteElo "2375"]
[BlackElo "2520"]
[EventDate "1998.03.12"]
[PlyCount "80"]

1.d4 Nf6 2.c4 g6 3.Nc3 Bg7 4.Nf3 O-O 5.g3 d6 6.Bg2 Nbd7 7.O-O e5 8.b3 Re8 
9.Qc2 exd4 10.Nxd4 Nc5 11.Bb2 a5 12.Rad1 c6 13.e4 Qb6 14.Nde2 a4 15.Nxa4 
Nxa4 16.bxa4 Qb4 17.Nc3 Be6 18.Rb1 Qc5 19.Rfd1 Ng4 20.Ba1 Re7 21.Qd2 Rd8 
22.e5 Bf5 23.Ne4 Bxe4 24.Bxe4 Bxe5 25.Bf3 Bxa1 26.Bxg4 Qxc4 27.Rb4 Qc3 28.
Qf4 Re1+ 29.Kg2 Rxd1 30.Rxb7 Rf8 31.Bxd1 d5 32.h4 Qe1 33.Bb3 Bc3 34.Qf3 
Qe5 35.Rd7 Qe6 36.Rc7 Be5 37.Rb7 Qc8 38.Re7 Bd6 39.Ra7 Bc5 40.Ra5 Bb6 0-1

[Event "55th POL-ch"]
[Site "Ksiaz POL"]
[Date "1998.03.??"]
[Round "5"]
[White "Urban, Klaudiusz"]
[Black "Macieja, Bartlomiej"]
[Result "1/2-1/2"]
[WhiteElo "2480"]
[BlackElo "2485"]
[EventDate "1998.03.12"]
[PlyCount "114"]

1.c4 c5 2.g3 g6 3.Bg2 Bg7 4.Nc3 Nc6 5.a3 Nf6 6.Rb1 a5 7.e3 O-O 8.Nge2 e6 
9.Nf4 d5 10.d3 dxc4 11.dxc4 Qxd1+ 12.Kxd1 a4 13.Nd3 Nd7 14.Ne4 Nce5 15.
Nxe5 Nxe5 16.Nxc5 Nxc4 17.b3 axb3 18.Rxb3 Ra5 19.Nxb7 Bxb7 20.Rxb7 Nxa3 
21.Bxa3 Rxa3 22.Rd7 Bc3 23.Ke2 Ra2+ 24.Kf3 Rb8 25.Rf1 Rbb2 26.Rdd1 Kg7 27.
g4 h5 28.gxh5 gxh5 29.Rc1 Ba5 30.Kg3 Bd8 31.Bf3 h4+ 32.Kg2 Bf6 33.Rb1 Rd2 
34.Rbd1 h3+ 35.Kg1 Rdc2 36.Rc1 Rcb2 37.Rb1 Rd2 38.Rbd1 Rdb2 39.Rb1 Rxb1 
40.Rxb1 Bh4 41.Rf1 f5 42.Bc6 Kf6 43.Bb5 Rc2 44.Bd3 Rd2 45.Ba6 Rd7 46.Bb5 
Rg7+ 47.Kh1 Rg2 48.Bc6 Rxf2 49.Rxf2 Bxf2 50.Bd7 Be1 51.Kg1 Bb4 52.Kf2 Bc5 
53.Kf3 Bd6 54.Bb5 Kg5 55.Bd7 Bxh2 56.Bxe6 Bc7 57.Bc8 Bd6 1/2-1/2

[Event "55th POL-ch"]
[Site "Ksiaz POL"]
[Date "1998.03.??"]
[Round "6"]
[White "Grabarczyk, Bogdan"]
[Black "Kaminski, Marcin"]
[Result "1/2-1/2"]
[WhiteElo "2425"]
[BlackElo "2535"]
[EventDate "1998.03.12"]
[PlyCount "26"]

1.e4 Nf6 2.e5 Nd5 3.d4 d6 4.c4 Nb6 5.exd6 cxd6 6.d5 e5 7.Nc3 Be7 8.Nf3 O-O
9.Be2 N8d7 10.O-O f5 11.Ne1 Bf6 12.f4 a5 13.Nc2 Nc5 1/2-1/2

[Event "55th POL-ch"]
[Site "Ksiaz POL"]
[Date "1998.03.??"]
[Round "6"]
[White "Kuczynski, Robert"]
[Black "Urban, Klaudiusz"]
[Result "1/2-1/2"]
[WhiteElo "2485"]
[BlackElo "2480"]
[EventDate "1998.03.12"]
[PlyCount "24"]

1.e4 g6 2.d4 Bg7 3.Nf3 d6 4.Nc3 Nf6 5.Be2 O-O 6.O-O Nc6 7.d5 Nb8 8.h3 c6 
9.Re1 a6 10.a4 b6 11.Bf1 Bb7 12.Bg5 Nbd7 1/2-1/2

[Event "55th POL-ch"]
[Site "Ksiaz POL"]
[Date "1998.03.??"]
[Round "6"]
[White "Macieja, Bartlomiej"]
[Black "Hnydiuk, Aleksander"]
[Result "1-0"]
[WhiteElo "2485"]
[BlackElo "2355"]
[EventDate "1998.03.12"]
[PlyCount "113"]

1.e4 c5 2.Nf3 e6 3.c3 d5 4.exd5 Qxd5 5.d4 Nc6 6.Be2 Nf6 7.Na3 cxd4 8.Nb5 
Qd8 9.Nbxd4 Nxd4 10.Qxd4 Qxd4 11.Nxd4 Bc5 12.Nb3 Bd6 13.O-O Ke7 14.Bf3 Rb8
15.Re1 Bd7 16.Na5 b6 17.Nc4 Bc7 18.b3 Rhd8 19.a4 Kf8 20.Ba3+ Kg8 21.Nd6 
Bxa4 22.Nb7 Bxb3 23.Nxd8 Rxd8 24.Be7 Rd7 25.Bxf6 gxf6 26.Reb1 Bc2 27.Rb2 
Bg6 28.Rd1 Rxd1+ 29.Bxd1 Be4 30.Rb4 Bd5 31.Bb3 Bb7 32.Rd4 Be5 33.Rd8+ Kg7 
34.Rd7 Bd5 35.c4 Be4 36.Rxa7 Kg6 37.Ba4 Kg7 38.Be8 Bg6 39.Bb5 Bd4 40.Rd7 
Bc5 41.Kf1 Bf8 42.Bc6 e5 43.Rd8 Bb1 44.Ke2 f5 45.Rd1 Bc2 46.Rc1 Be4 47.Bd5
Kf6 48.f3 Bxd5 49.cxd5 h5 50.Rc4 Kg6 51.Kd3 Kf6 52.Rh4 Kg5 53.Ra4 Kf6 54.
Ra7 Kg6 55.Rc7 Kf6 56.Rc6+ Ke7 57.Rxb6 1-0

[Event "55th POL-ch"]
[Site "Ksiaz POL"]
[Date "1998.03.??"]
[Round "7"]
[White "Cyborowski, Lukasz"]
[Black "Kempinski, Robert"]
[Result "1/2-1/2"]
[WhiteElo "2425"]
[BlackElo "2520"]
[EventDate "1998.03.12"]
[PlyCount "45"]

1.g3 Nf6 2.Bg2 d5 3.Nf3 g6 4.O-O Bg7 5.d4 O-O 6.c4 c6 7.cxd5 cxd5 8.Nc3 e6
9.Ne5 Nfd7 10.f4 Nc6 11.Be3 Ne7 12.Bf2 Nf5 13.e4 dxe4 14.Nxe4 Nb6 15.Nc3 
Nd5 16.Nxd5 exd5 17.Qb3 Ne7 18.Rac1 Rb8 19.Qa3 a6 20.Be1 Nc6 21.Bf2 Ne7 
22.Be1 Nc6 23.Bf2 1/2-1/2

[Event "55th POL-ch"]
[Site "Ksiaz POL"]
[Date "1998.03.??"]
[Round "7"]
[White "Grabarczyk, Miroslaw"]
[Black "Gdanski, Jacek"]
[Result "1-0"]
[WhiteElo "2505"]
[BlackElo "2520"]
[EventDate "1998.03.12"]
[PlyCount "95"]

1.d4 e6 2.c4 f5 3.g3 Nf6 4.Bg2 d5 5.Nf3 c6 6.Qc2 Bd6 7.O-O O-O 8.Bf4 Bxf4 
9.gxf4 Ne4 10.Nbd2 Bd7 11.Ne5 Be8 12.b4 Bh5 13.Nb3 Nd7 14.f3 Nef6 15.Nc5 
Nxc5 16.bxc5 Nd7 17.Nd3 dxc4 18.Qxc4 Bf7 19.Qc2 Qc7 20.e3 h6 21.Rf2 b5 22.
Kh1 Kh8 23.Rg1 Bg6 24.Bf1 Bh7 25.Rfg2 Rf7 26.Be2 a5 27.Bd1 Re7 28.Qb2 Nf6 
29.Ne5 a4 30.Qd2 Nd5 31.Be2 Rf8 32.Bd3 Kg8 33.a3 Nf6 34.Bb1 Nd7 35.Nd3 Nf6
36.Ba2 Nd5 37.Ne5 Rf6 38.Qe1 Rf8 39.Qh4 Nxe3 40.Qxh6 Nxg2 41.Bxe6+ Rxe6 
42.Qxe6+ Kh8 43.Rxg2 Rf6 44.Qe8+ Bg8 45.Rg5 Kh7 46.Rh5+ Rh6 47.Rxh6+ gxh6 
48.Qg6+ 1-0

[Event "55th POL-ch"]
[Site "Ksiaz POL"]
[Date "1998.03.??"]
[Round "7"]
[White "Palus, Ryszard"]
[Black "Grabarczyk, Bogdan"]
[Result "1-0"]
[WhiteElo "2385"]
[BlackElo "2425"]
[EventDate "1998.03.12"]
[PlyCount "116"]

1.d4 f5 2.Nc3 d5 3.Bg5 g6 4.h4 Bg7 5.Nf3 Nf6 6.e3 c6 7.Bd3 Nbd7 8.Ne2 Ne4 
9.Bf4 Qb6 10.Rb1 Ndf6 11.Ne5 Be6 12.f3 Nd6 13.Ng3 Nd7 14.Nxd7 Bxd7 15.Bxd6
exd6 16.f4 O-O-O 17.c3 Rde8 18.Kf2 Bf6 19.Qd2 Kb8 20.b4 Rhg8 21.Nf1 h6 22.
g3 Qd8 23.Nh2 Rg7 24.Nf3 Reg8 25.Qc2 Qe7 26.Rbg1 Re8 27.Re1 Qf8 28.Reg1 c5
29.Qd2 Rc8 30.Rc1 Qe8 31.Bb1 Bb5 32.a3 Rgc7 33.Ba2 cxb4 34.cxb4 Bc4 35.Bb1
Qe6 36.Rce1 Rc6 37.Rc1 Bd8 38.Rhe1 R8c7 39.Rc3 Rg7 40.Rh1 Qc8 41.Rcc1 Qd7 
42.Rc3 a5 43.h5 axb4 44.axb4 g5 45.Qc2 Rb6 46.Qxf5 Qe8 47.fxg5 Bxg5 48.
Nxg5 Rxg5 49.Qf6 Rg8 50.Qxh6 Rh8 51.Bg6 Qd8 52.Qf4 Rxb4 53.g4 Qa5 54.Qxd6+
Ka8 55.Kg3 Ba6 56.Rhc1 Rc4 57.Rxc4 dxc4 58.Qe5 Rf8 1-0

[Event "55th POL-ch"]
[Site "Ksiaz POL"]
[Date "1998.03.??"]
[Round "7"]
[White "Sosnicki, Michal"]
[Black "Sapis, Witalis"]
[Result "1/2-1/2"]
[WhiteElo "2385"]
[BlackElo "2375"]
[EventDate "1998.03.12"]
[PlyCount "100"]

1.d4 d5 2.c4 c6 3.Nf3 Nf6 4.Nc3 dxc4 5.a4 Bg4 6.Ne5 Bh5 7.f3 Nfd7 8.Nxc4 
e5 9.g3 f6 10.dxe5 Nxe5 11.Qxd8+ Kxd8 12.Nxe5 fxe5 13.Bh3 Be8 14.Be3 Bd7 
15.O-O-O Kc7 16.Bxd7 Nxd7 17.Ne4 Nf6 18.Nxf6 gxf6 19.Rd3 h5 20.Rhd1 Rh7 
21.Kc2 Bb4 22.f4 Rg8 23.fxe5 fxe5 24.h4 b6 25.Bg5 Rf7 26.Rf3 Rxf3 27.exf3 
Rf8 28.Rd3 Be1 29.f4 exf4 30.Bxf4+ Kc8 31.Re3 Bf2 32.Re2 Bc5 33.Re6 Kb7 
34.Rg6 Rf7 35.Rg5 Rh7 36.Kd3 Be7 37.Rf5 Kc8 38.Ke4 Kd7 39.Be5 Ke6 40.b3 b5
41.axb5 cxb5 42.Bd4 a6 43.Re5+ Kd7 44.Be3 Bd6 45.Rg5 Re7+ 46.Kd4 Rf7 47.
Rxh5 Bxg3 48.Rd5+ Kc6 49.h5 Bf2 50.Bxf2 Rxf2 1/2-1/2

[Event "55th POL-ch"]
[Site "Ksiaz POL"]
[Date "1998.03.??"]
[Round "7"]
[White "Urban, Klaudiusz"]
[Black "Markowski, Tomasz"]
[Result "1/2-1/2"]
[WhiteElo "2480"]
[BlackElo "2505"]
[EventDate "1998.03.12"]
[PlyCount "47"]

1.d4 d6 2.e4 Nf6 3.f3 c5 4.d5 e5 5.Be3 Be7 6.Qd2 O-O 7.c4 Ne8 8.Nc3 Nd7 9.
Bd3 g6 10.O-O-O Ng7 11.g4 Bh4 12.Nge2 a6 13.Ng3 Rb8 14.Rdg1 f6 15.Nf1 Qa5 
16.Qe2 Rf7 17.Nd2 Qd8 18.Rg2 Qe7 19.Bf2 Bxf2 20.Rxf2 Nf8 21.h4 Bd7 22.h5 
g5 23.a4 Ne8 24.Kc2 1/2-1/2

[Event "55th POL-ch"]
[Site "Ksiaz POL"]
[Date "1998.03.??"]
[Round "8"]
[White "Kempinski, Robert"]
[Black "Grabarczyk, Bogdan"]
[Result "1-0"]
[WhiteElo "2520"]
[BlackElo "2425"]
[EventDate "1998.03.12"]
[PlyCount "97"]

1.d4 d5 2.c4 dxc4 3.e3 Nf6 4.Bxc4 g6 5.Qb3 e6 6.Nf3 Bg7 7.O-O O-O 8.Nc3 b6
9.Qc2 Ba6 10.Bxa6 Nxa6 11.Qe2 Qc8 12.e4 c5 13.e5 Nd5 14.Ne4 cxd4 15.Nd6 d3
16.Qxd3 Nab4 17.Qe4 Qc2 18.Qh4 Nd3 19.Bh6 Nxe5 20.Ng5 Nf6 21.Rac1 Qd3 22.
Bxg7 Kxg7 23.Rfd1 Rac8 24.Nxc8 Rxc8 25.Qf4 Rxc1 26.Qxc1 Qf5 27.Nh3 Nd5 28.
Kh1 h6 29.Qb1 Qg4 30.Re1 Nc4 31.b3 Nd6 32.Qb2+ Kh7 33.Qe5 Qb4 34.Rd1 Nf5 
35.Rc1 Nfe7 36.Rc2 Qg4 37.Ng1 a5 38.h3 Qd1 39.Qe2 Qa1 40.Qd2 Nf5 41.Rc1 
Qf6 42.Nf3 Nh4 43.Nxh4 Qxh4 44.Rc4 Qd8 45.Qd4 Qb8 46.Qb2 g5 47.Qd4 Kg6 48.
Rc6 Qb7 49.Qxd5 1-0

[Event "55th POL-ch"]
[Site "Ksiaz POL"]
[Date "1998.03.??"]
[Round "8"]
[White "Kuczynski, Robert"]
[Black "Kaminski, Marcin"]
[Result "1/2-1/2"]
[WhiteElo "2485"]
[BlackElo "2535"]
[EventDate "1998.03.12"]
[PlyCount "36"]

1.e4 d5 2.exd5 Nf6 3.d4 Nxd5 4.Nf3 g6 5.Be2 Bg7 6.O-O O-O 7.c4 Nb6 8.Nc3 
c6 9.h3 Be6 10.c5 Nd5 11.Re1 b6 12.Ne4 h6 13.Bd2 Nd7 14.Qc1 Kh7 15.b4 N5f6
16.Nc3 Nd5 17.Ne4 N5f6 18.Nc3 Nd5 1/2-1/2

[Event "55th POL-ch"]
[Site "Ksiaz POL"]
[Date "1998.03.??"]
[Round "8"]
[White "Macieja, Bartlomiej"]
[Black "Palus, Ryszard"]
[Result "1/2-1/2"]
[WhiteElo "2485"]
[BlackElo "2385"]
[EventDate "1998.03.12"]
[PlyCount "114"]

1.c4 Nf6 2.Nc3 d5 3.cxd5 Nxd5 4.g3 Nb6 5.Bg2 g6 6.d3 Bg7 7.Be3 O-O 8.Qd2 
e5 9.Bh6 Bxh6 10.Qxh6 f6 11.Rd1 c5 12.Qe3 Na6 13.a3 Rf7 14.Nf3 Be6 15.Qe4 
Rd7 16.O-O Rb8 17.Qh4 Kg7 18.Rc1 Bf5 19.g4 g5 20.Qg3 Bg6 21.h4 h6 22.Nd2 
Rc8 23.Nc4 Nb8 24.Be4 Bxe4 25.Nxe4 Nd5 26.Ne3 Nf4 27.Rfe1 b6 28.Nf5+ Kh8 
29.Nxh6 Rh7 30.Nf5 gxh4 31.Qf3 Nc6 32.Red1 Nd4 33.Nxd4 cxd4 34.Rxc8 Qxc8 
35.Nxf6 Rg7 36.Kh2 Rg6 37.Nh5 Qxg4 38.Qxg4 Rxg4 39.Nxf4 Rxf4 40.f3 Kg7 41.
Rc1 Kg6 42.Kh3 Rf7 43.Kxh4 Kf5 44.Kg3 Rg7+ 45.Kf2 Rh7 46.Ke1 Rh1+ 47.Kd2 
Rxc1 48.Kxc1 b5 49.Kd1 Kf4 50.Kd2 Kg3 51.Ke1 Kg2 52.b4 a6 53.Kd1 Kg3 54.
Kc2 Kg2 55.Kd2 Kf2 56.Kd1 Kg3 57.Ke1 Kg2 1/2-1/2